| 000 | 00426nam a2200181Ia 4500 | ||
|---|---|---|---|
| 001 | 4124 | ||
| 005 | 20260306145732.0 | ||
| 008 | 260306t2006||||xx |||||||||||||| ||spa|| | ||
| 041 | _aESP | ||
| 082 |
_a306.85 _bP19C |
||
| 100 |
_aRobledo Gandarias, María _eAUT |
||
| 245 | 0 | _aCómo superamos el dolor | |
| 260 | _c2006 | ||
| 300 |
_a136 páginas : _c19 cm. |
||
| 650 | _aGEN | ||
| 654 | _aCED | ||
| 942 |
_cLIB _dJUS _fJUS _2ddc _n |
||
| 999 |
_c4124 _d4124 |
||